Statystyki dla Państwa po opisie z Wikipedii - Europa

Kliknij tutaj aby rozwiązać quiz!

Ogólne statystyki

  • Ten quiz został rozwiązany 670 razy
    (238 od ostatniego zresetowania)
  • Średni wynik to 9 z 10

Statystyki odpowiedzi

OpisPaństwo% Poprawnych
Niewielkie miasto-państwo położone w Europie Południowej nad Morzem Śródziemnym w obrębie Riwiery Francuskiej.Monako
98%
Państwo unitarne, położone w Europie Wschodniej. Graniczy od północy z Białorusią, od zachodu z Polską, Słowacją i Węgrami, od południa z Rumunią i Mołdawią oraz Morzem Czarnym i Morzem Azowskim, od północnego wschodu i wschodu z Federacją Rosyjską. ___ jest członkiem założycielskim ONZ, członkiem Światowej Organizacji Handlu, Rady Europy, Międzynarodowej Agencji Energii Atomowej, Pogłębionej i Całościowej Strefy Wolnego Handlu (DCFTA) oraz organizacji regionalnych i subregionalnych, tj. OBWE, GUAM i Organizacji Współpracy Gospodarczej Państw Morza Czarnego.Ukraina
98%
Unitarne państwo wyspiarskie w Europie Zachodniej. W skład ___ zalicza się Anglia, Walia i Szkocja położone na wyspie ___ oraz Irlandia Północna leżąca w północnej części wyspy Irlandia. Na wyspie tej znajduje się jedyna granica lądowa Zjednoczonego Królestwa z innym państwem – Irlandią. Poza nią ___ otoczona jest przez Ocean Atlantycki na zachodzie i północy, Morze Północne na wschodzie, kanał La Manche na południu i Morze Irlandzkie na zachodzie.Wielka Brytania
98%
Państwo w Europie Północnej, powstałe po odłączeniu od Rosji w 1917 r.. Członek Unii Europejskiej. Graniczy od zachodu ze Szwecją, od północy z Norwegią i od wschodu z Rosją.Finlandia
96%
Państwo europejskie położone w zachodniej części Europy Południowej na południowym zachodzie Półwyspu Iberyjskiego. Jest najdalej wysuniętym na zachód państwem Europy, od północy i wschodu graniczy z Hiszpanią, a od zachodu i południa ___ oblewają wody Oceanu Atlantyckiego. Dodatkowo w skład ___ wchodzą dwa archipelagi wysp położonych na Oceanie Atlantyckim – Azory i Madera. Jest członkiem Unii Europejskiej oraz NATO.Portugalia
96%
Państwo śródlądowe w Europie Środkowej. Od północy graniczy z Polską, od zachodu i północnego zachodu z Niemcami, od południa z Austrią, a od wschodu ze Słowacją.Czechy
95%
Kraj położony w południowo-wschodniej części Europy, na południowym krańcu Półwyspu Bałkańskiego. Graniczy z czterema państwami: Albanią, Macedonią Północną i Bułgarią od północy oraz Turcją od wschodu. Ma dostęp do czterech mórz: Egejskiego i Kreteńskiego od wschodu, Jońskiego od zachodu oraz Śródziemnego od południa.Grecja
95%
Państwo położone na północy Grzbietu Śródatlantyckiego, na wyspie ___ i kilku mniejszych wyspach, m.in. archipelag Vestmannaeyjar w północnej części Oceanu Atlantyckiego. Stolicą państwa jest Reykjavík. ___ jest jednym z krajów nordyckich.Islandia
95%
Państwo federacyjne położone w zachodniej i środkowej Europie. Składa się z 16 krajów związkowych (landów), a jego stolicą i największym miastem jest Berlin. Państwo ma powierzchnię 357 578 km² i panuje w nim klimat umiarkowany. Z około 83 milionami mieszkańców jest najludniejszym państwem Unii Europejskiej. Stanowi czołowe pod względem gospodarczym i politycznym państwo Europy.Niemcy
95%
Państwo śródlądowe w Europie Środkowej. Graniczy z Austrią (106,7 km), Polską (541,1 km), Czechami (251,8 km), Ukrainą (97,8 km) oraz Węgrami (654,8 km). Łączna długość granicy lądowej wynosi 1652,2 km. Do 31.12.1992 wchodziła w skład Czechosłowacji. Od 19 stycznia 1993 członek ONZ, od 29 marca 2004 członek NATO, od 1 maja 2004 należy do Unii Europejskiej, a od 1 stycznia 2009 – do strefy euro. Jest również członkiem Grupy Wyszehradzkiej. Stolicą państwa jest Bratysława, położona nad Dunajem przy granicy z Austrią i Węgrami.Słowacja
95%
Terytorium sporne w południowej Europie ze stolicą w Prisztinie i państwo częściowo uznawane na arenie międzynarodowej, które ogłosiło swoją niepodległość 17 lutego 2008 roku.Kosowo
94%
Państwo w Europie, jeden z krajów bałtyckich, członek Unii Europejskiej i NATO; graniczy od zachodu z Rosją (obwodem kaliningradzkim), od południowego zachodu z Polską, od wschodu z Białorusią, od północy z Łotwą.Litwa
94%
Państwo unitarne w Europie Północnej, jeden z krajów nadbałtyckich, położony w przeważającej części w dorzeczu Dźwiny. Od północy ___ graniczy z Estonią, od wschodu z Rosją i Białorusią, a od południa z Litwą. Łączna długość granic lądowych wynosi 1368 km. Większość zachodniej granicy ___ wyznacza wybrzeże Morza Bałtyckiego.Łotwa
94%
Państwo w Europie Północnej będące monarchią konstytucyjną, którego terytorium obejmuje zachodnią i północną część Półwyspu Skandynawskiego, Jan Mayen, Svalbard, Wyspę Bouveta i Lofoty. Ma łączną powierzchnię 385 207 km² i liczy 5 367 580 mieszkańców (2015). Graniczy ze Szwecją niemal na całej długości granicy; znacznie krótsze odcinki oddzielają ___ od Finlandii i Rosji. Kraj ma również granicę morską (przez cieśninę Skagerrak) z Danią.Norwegia
94%
Państwo federacyjne rozciągające się od Europy Wschodniej (z eksklawą w Europie Środkowej) przez północną część Azji do Oceanu Spokojnego, składające się według swojej konstytucji z 85 podmiotów federalnych.Rosja
94%
Państwo federacyjne w zachodniej Europie, w południowych Niderlandach. ___ jest członkiem Unii Europejskiej, ONZ oraz NATO.Belgia
93%
Państwo w Europie Północnej, nad Morzem Bałtyckim, powstałe po I wojnie światowej. Członek Unii Europejskiej i NATO. Graniczy z Łotwą od południa i z Rosją od wschodu oraz z Finlandią przez Zatokę Fińską. Jedno z najbardziej zinformatyzowanych państw świata.Estonia
93%
Państwo, którego część metropolitalna znajduje się w Europie Zachodniej, posiadające także zamorskie terytoria na innych kontynentach. ___ metropolitalna rozciąga się od Morza Śródziemnego na południu do kanału La Manche i Morza Północnego na północy, oraz od Renu na wschodzie do Zatoki Biskajskiej na zachodzie.Francja
92%
Państwo federacyjne ze stolicą w Sarajewie położone w południowej Europie, na Półwyspie Bałkańskim. Graniczy na północy, zachodzie i południu z Chorwacją, na wschodzie z Serbią, a na południowym wschodzie z Czarnogórą. Od południowego zachodu ma dostęp do Morza Adriatyckiego.Bośnia i Hercegowina
91%
Państwo unitarne w Europie Środkowej, położone między Morzem Bałtyckim na północy a Sudetami i Karpatami na południu, w przeważającej części w dorzeczu Wisły i Odry. Od północy ___ graniczy z Rosją (z jej obwodem kaliningradzkim) i Litwą, od wschodu z Białorusią i Ukrainą, od południa ze Słowacją i Czechami, od zachodu z Niemcami. Większość północnej granicy ___ wyznacza wybrzeże Morza Bałtyckiego.Polska
91%
Państwo położone w Europie Północnej (Skandynawia), najmniejsze z państw nordyckich. Wraz z Grenlandią oraz Wyspami Owczymi tworzy Wspólnotowe Królestwo ___. Kontynentalna ___ graniczy od południa z Niemcami, zaś przez cieśninę Sund sąsiaduje ze Szwecją. Od 1973 ___ należy do Unii Europejskiej.Dania
90%
Państwo w Europie Wschodniej. Graniczy z Polską (ze strony zachodniej), Litwą, Łotwą (na północy), Rosją (na wschodzie) i Ukrainą (na południu). W odróżnieniu od swoich sąsiadów nie ma dostępu do morza. Jest to największe pod względem powierzchni państwo śródlądowe w Europie.Białoruś
89%
Państwo śródlądowe w Europie Południowej stanowiące enklawę na obszarze Włoch.San Marino
89%
Państwo w Europie Północnej, zaliczane do państw skandynawskich. ___ jest członkiem Unii Europejskiej od 1995 roku. Z około 10,3 mln mieszkańców jest najludniejszym krajem skandynawskim. Graniczy z Norwegią, Finlandią oraz z Danią przez most nad cieśniną Öresund.Szwecja
89%
Małe państwo w południowo-zachodniej Europie, bez dostępu do morza. Leży w Pirenejach, granicząc od północy z Francją, a od południa z Hiszpanią.Andora
88%
Państwo w zachodniej części Europy Południowej, położone głównie na Półwyspie Iberyjskim, obejmujące także Baleary na Morzu Śródziemnym, Wyspy Kanaryjskie na Oceanie Atlantyckim, mniejsze wysepki oraz tereny w północnej Afryce.Hiszpania
88%
Państwo wyspiarskie w zachodniej części Europy, zajmujące większość terytorium wyspy ___, członek Unii Europejskiej.Irlandia
88%
Niewielkie alpejskie państwo w Europie Zachodniej, leżące pomiędzy Austrią i Szwajcarią, nad rzeką Ren. ___ jest jednym z dwóch współcześnie istniejących krajów podwójnie śródlądowych.Liechtenstein
88%
Wyspiarskie państwo-miasto położone w Europie Południowej, na Morzu Śródziemnym, 81 km na południe od Włoch. Obejmuje cały archipelag Wysp ___, jednakże większość ludności mieszka na głównej wyspie, w zespole miejskim Valletty – stolicy ___, w 2018 r. Europejskiej Stolicy Kultury.Malta
88%
Państwo, położone w Europie Zachodniej. Graniczy z Francją od południa, Niemcami od wschodu i z Belgią od zachodu i północy. Państwo członkowskie Unii Europejskiej oraz NATO.Luksemburg
87%
Państwo w Europie Południowej, na Półwyspie Bałkańskim, śródlądowe, powstałe 5 czerwca 2006 po rozpadzie federacji ___ i Czarnogóry. Powierzchnia ___ wynosi 88 361 km² (bez spornego Kosowa 77 474 km²)Serbia
87%
Państwo położone w Europie Południowej, na Półwyspie Apenińskim, będące członkiem Unii Europejskiej oraz wielu organizacji, m.in.: NATO, należące do siedmiu najbardziej uprzemysłowionych i bogatych państw świata – G7.Włochy
86%
Państwo położone w Europie Środkowej nad morzem Adriatyckim, graniczy od zachodu z Włochami, od północy z Austrią, od wschodu z Węgrami oraz od południa z Chorwacją. Stolicą i największym miastem kraju jest Lublana. ___ jest najzamożniejszym oraz najbardziej rozwiniętym szczególnie pod względem gospodarczym państwem byłej Jugosławii i jednocześnie jednym z najbardziej zamożnych i rozwiniętych krajów Europy Środkowo-Wschodniej.Słowenia
85%
Państwo położone w Europie Środkowej, federacja dziewięciu krajów związkowych ze stolicą w Wiedniu. Od 1995 ___ należy do Unii Europejskiej.Austria
84%
Państwo unitarne w południowo-wschodniej części Europy. Graniczy z Węgrami i Serbią na zachodzie, Bułgarią na południu wzdłuż Dunaju oraz Ukrainą i Mołdawią na północy. Kraj ma także dostęp do Morza Czarnego. Stolicą i największym miastem ___ jest Bukareszt.Rumunia
84%
Państwo w południowo-wschodniej Europie na Bałkanach. ___ na zachodzie ma dostęp do Morza Adriatyckiego, a na południowym zachodzie do Morza Jońskiego.Albania
82%
Państwo położone w południowo-wschodniej Europie, na Bałkanach. Graniczy z Serbią oraz Macedonią Północną od zachodu, Grecją i Turcją od południa, Morzem Czarnym od wschodu i Rumunią od północy.Bułgaria
82%
Państwo w Europie Południowej powstałe po rozpadzie Serbii i ___. Wcześniej republika związkowa Socjalistycznej Federacyjnej Republiki Jugosławii (1945–1992), Federalnej Republiki Jugosławii (1992–2003) oraz Serbii i ___ (2003–2006). Leży na wybrzeżu Morza Adriatyckiego i graniczy z Serbią, Kosowem, Chorwacją, Bośnią i Hercegowiną oraz Albanią.Czarnogóra
81%
Państwo federacyjne w Europie Zachodniej. Jest jednym z niewielu państw, w których obowiązują szeroko stosowane formy demokracji bezpośredniej. ___ od kongresu wiedeńskiego w 1815 roku jest państwem neutralnym. Do Organizacji Narodów Zjednoczonych przystąpiła dopiero 10 września 2002 po przegłosowaniu tej decyzji w referendum minimalną większością 52% głosów.Szwajcaria
81%
Państwo leżące na pograniczu Europy Środkowej i Europy Południowej, nad Morzem Adriatyckim i graniczące od południa z Bośnią i Hercegowiną oraz Czarnogórą, od wschodu z Serbią oraz Węgrami i Słowenią od północy. Od południowego zachodu ma dostęp do Morza Adriatyckiego. Od 1 lipca 2013 należy do Unii Europejskiej jako 28. członek wspólnoty.Chorwacja
80%
Państwo śródlądowe w Europie Środkowej, od 1955 członek ONZ, od 1999 członek NATO, od 2004 członek Unii Europejskiej. Jest również członkiem Grupy Wyszehradzkiej.Węgry
74%
Państwo europejskie położone na terenach historycznej Besarabii i obszarze położonym na lewym brzegu Dniestru.Mołdawia
68%
Państwo w Europie Południowej na Półwyspie Bałkańskim, powstałe w wyniku rozpadu Jugosławii, obejmujące swoim terytorium około 38% regionu historyczno-geograficznego ___.Macedonia Północna
60%
Państwo położone w zachodniej Europie i południowej części Ameryki Północnej (Karaiby), będące monarchią konstytucyjną, złożone z czterech krajów składowych: ___ (część europejska), Aruby, Curaçao i Sint Maarten oraz trzech gmin zamorskich: Bonaire, Saba i Sint Eustatius. Jest członkiem Unii Europejskiej (UE), Organizacji Narodów Zjednoczonych (ONZ) i Organizacji Traktatu Północnoatlantyckiego (NATO).Holandia
56%

Rozkład punktacji

Percentyl według liczby udzielonych odpowiedzi

Procent ludzi z każdym wynikiem

Twoja historia wyników

Nie rozwiązałeś tego quizu od ostatniego zresetowania